00530nam a2200157 a 450000100100000000500170001000800410002704000250006810000340009324500570012726000360018430000210022004900090024195201050025099900170035500003330220200930070149.0110823s1934 dr 000 0 spa d aDO-SdBNPbspacBNPHU1 aCadilla, Carmen Alicia95890510aCanciones en flauta blanca /cCarmen Alicia Cadilla. aSanto Domingo :b[s.n.],c1934. a116 p. ;c16 cm. aBNPD 0010718PDaPDbPDcCTd2011-08-23iLF1l0o p33302-10r2020-06-25w2020-06-25yLFPDZNo se presta c32793d32793